000 00441nam a2200181Ia 4500
001 4581
005 20260306145806.0
008 260306t1994||||xx |||||||||||||| ||spa||
041 _aESP
082 _a325.210985
_bT78 V. 2
100 _aTrazegnies Granda, Fernando de
_eAUT
245 0 _aEn el país de las colinas de arena
260 _c1994
300 _apágs. :
_ccm.
650 _aGEN
654 _aCHU
942 _cLIB
_dJUS
_fJUS
_2ddc
_n
999 _c4581
_d4581